Definovanie sociálnych služieb vo verejnom záujme na Slovensku

Význam sociálnych služieb na vnútornom trhu Európskej únie. Analýza realizácie sociálnych služieb vo verejnom záujme ako dôsledok zavedenia nových regulátorov v EÚ do pravidiel tohto systému v Slovenskej republike.

Salvato in:
Dettagli Bibliografici
Autore principale: Nováčková, Daniela
Altri autori: Zemanovičová, Daniela
Natura: Capitolo di libro
Lingua:slovacco
Soggetti:
Tags: Aggiungi Tag
Nessun Tag, puoi essere il primo ad aggiungerne!!

MARC

LEADER 00000naa a2200000 4500
001 0208008
005 20220928104001.0
041 0 |a slo 
044 |a SK 
245 1 0 |a Definovanie sociálnych služieb vo verejnom záujme na Slovensku  |c Daniela Nováčková, Daniela Zemanovičová 
520 |a Význam sociálnych služieb na vnútornom trhu Európskej únie. Analýza realizácie sociálnych služieb vo verejnom záujme ako dôsledok zavedenia nových regulátorov v EÚ do pravidiel tohto systému v Slovenskej republike. 
610 2 0 |a záujmy verejné 
610 2 0 |a Slovensko 
610 2 0 |a služby sociálne 
610 2 0 |a Európska únia 
610 2 0 |a pomoc štátna 
610 2 0 |a súťaž hospodárska 
100 1 |a Nováčková, Daniela 
700 1 |a Zemanovičová, Daniela